000 00553nam a2200181Ia 4500
003 GCL
008 140319s9999 xx 000 0 ara d
040 _aGCL /
_cGCL
082 0 4 _a956.078
_bم أ
100 1 _aماجد الماجد
245 1 0 _aانتفاضة الشعب العراقى /
_cماجد الماجد
260 _a[S.N] :
_bدار الوفاق للصحافة والطباعة والنشر ،
_c1991
490 _a
650 0 4 _aالثورات
650 0 4 _aصدام حسين
650 0 4 _aالعراق - تاريخ
942 _2ddc
_cBK
999 _c37240
_d37240